000 00472nam a22001817a 4500
003 CEME
005 20210628210536.0
008 210209b xxu||||| |||| 00| 0 eng d
020 _a0-07-059633-6
040 _c.
082 _a670.427 SOL
100 _aSoloman, Sabrie
_979859
245 _aAffordable automation
260 _aNEW YORK
_bMCGRAW HILL
_c1996
300 _a415P
650 _aMANUFACTURING PROCESS ENGINEERING DESIG AUTOMATION
_979860
942 _cBK
_2ddc
999 _c584852
_d584852